Phân tích năng lực cạnh tranh ngành cá tra Đồng bằng sông Cửu Long : Luận văn Thạc sĩ Kinh tế. Chuyên ngành Quản trị kinh doanh

Đề tài đánh giá thực trạng sản xuất và tiêu thụ cá tra ĐBSCL, phân tích năng lực cạnh tranh và nhân tố ảnh hưởng năng lực cạnh tranh ngành cá tra theo lý thuyết mô hình kim cương, đề xuất giải pháp nâng cao năng lực cạnh tranh ngành cá tra ĐBSCL...

Fuld beskrivelse

Đã lưu trong:
Bibliografiske detaljer
Hovedforfatter: Trần, Thị Hồng Châu
Format: Bog
Sprog:Undetermined
Udgivet: Cần Thơ Trường Đại học Cần Thơ 2015
Fag:
Tags: Tilføj Tag
Ingen Tags, Vær først til at tagge denne postø!
Thư viện lưu trữ: Trung tâm Học liệu Trường Đại học Cần Thơ
LEADER 01172nam a2200205Ia 4500
001 CTU_203866
008 210402s9999 xx 000 0 und d
082 |a 658.83 
082 |b Ch125 
100 |a Trần, Thị Hồng Châu 
245 0 |a Phân tích năng lực cạnh tranh ngành cá tra Đồng bằng sông Cửu Long : 
245 0 |b Luận văn Thạc sĩ Kinh tế. Chuyên ngành Quản trị kinh doanh 
245 0 |c Trần Thị Hồng Châu ; Võ Hùng Dũng (Cán bộ hướng dẫn) 
260 |a Cần Thơ 
260 |b Trường Đại học Cần Thơ 
260 |c 2015 
520 |a Đề tài đánh giá thực trạng sản xuất và tiêu thụ cá tra ĐBSCL, phân tích năng lực cạnh tranh và nhân tố ảnh hưởng năng lực cạnh tranh ngành cá tra theo lý thuyết mô hình kim cương, đề xuất giải pháp nâng cao năng lực cạnh tranh ngành cá tra ĐBSCL. 
650 |a Nghiên cứu thị trường,Marketing research 
904 |i Hải 
980 |a Trung tâm Học liệu Trường Đại học Cần Thơ